000 01166caa a22002417a 4500
999 _c422632
_d422632
001 135327
003 UA-OsUOA
005 20200212144123.0
007 ta
008 20190118b un ||||| |||| 00| 0 ukr d
040 _aUA-OsUOA
_bukr
_cUA-OsUOA
_dUA-OsUOA
041 _aukr
080 _a908
090 _a908
_bА92
100 _aАтаманюк Л.
245 _aПоширення християнських течій на Волині в ІІ пол. XVI на поч. XVIІ ст. за працею К. В. Харламповича "Западнорусские православные школы XVI и начала XVIІ века, отношение их к инославным, религиозное обучение в них и заслуги в их деле..." (1898 р.)
_cЛ. Атаманюк
300 _aС. 66–69
650 7 _a908 Краєзнавство
_2UDC
773 0 _0308169
_9304324
_dОстрог Острозька Академія 1998
_o62220
_tНаукові записки
_w(UA-OsUOA) 21959
_z966-95166-5-Х
942 _cBKA
_2udc
955 _a1